Megacities on a World Map - City Proper Edition - Statistics

General Stats
  • This quiz has been taken 236 times
  • The average score is 14 of 18
Answers on the Map
Answers color-coded by a green-red scale on the quiz's map according to % correct below.
 
Answer Stats
Population City % Correct
12,480,481 Moscow
96%
13,843,403 Tokyo
95%
21,540,000 Beijing
92%
11,034,555 Delhi
89%
15,113,808 Istanbul
89%
24,280,000 Shanghai
88%
10,010,983 Seoul
87%
12,442,373 Mumbai
84%
10,504,100 Jakarta
83%
12,214,440 São Paulo
82%
14,862,000 Lagos
80%
10,641,408 Guangzhou
75%
14,916,456 Karachi
72%
14,565,700 Kinshasa
68%
11,126,285 Lahore
62%
10,358,381 Shenzhen
55%
15,620,000 Tianjin
54%
31,240,000 Chongqing
51%
No matching quizzes found
Score Distribution
Percent of People with Each Score
Percentile by Number Answered
Your Score History
You have not taken this quiz